[Event "SVK-chT1W 0809"]
[Site "Slovakia"]
[Date "2008.11.22"]
[Round "3.1"]
[White "Turna, Stefan"]
[Black "Veres, Andrej"]
[Result "0-1"]
[WhiteElo "2221"]
[BlackElo "2145"]
[PlyCount "100"]
[EventDate "2008.10.18"]
[EventType "team-tourn"]
[EventRounds "11"]
[EventCountry "SVK"]
[SourceTitle "EXT 2010"]
[Source "ChessBase"]
[SourceDate "2010.11.25"]
[SourceVersion "1"]
[SourceVersionDate "2010.11.25"]
[SourceQuality "1"]
[WhiteTeam "Bratislava Slovan III"]
[BlackTeam "Dubnica nad Vahom II"]
[WhiteTeamCountry "SVK"]
[BlackTeamCountry "SVK"]

1. d4 Nf6 2. Nf3 e6 3. c4 b6 4. g3 Ba6 5. Nbd2 Bb4 6. Qa4 Bxd2+ 7. Bxd2 0-0 8. Bg2 Bb7 9. 0-0 d6 10. Rfd1 Nbd7 11. b4 Ne4 12. Be1 f5 13. c5 Bd5 14. Rac1 a5 15. cxd6 axb4 16. Qxb4 c5 17. dxc5 bxc5 18. Qb1 Bxa2 19. Qb7 Bd5 20. Qb2 Ra2 21. Qb1 Qa8 22. Rc2 Ra4 23. Rb2 Qc6 24. Qc2 Rfa8 25. Bd2 Nxd6 26. Bf4 Nc4 27. Rb3 Na3 28. Qc3 Nb5 29. Qc2 c4 30. Rxb5 Qxb5 31. Nd4 Qb7 32. Bxd5 Qxd5 33. Nf3 Ra1 34. Bc1 R8a2 35. Rxd5 Rxc2 36. Rxd7 Rcxc1+ 37. Kg2 h6 38. h4 Ra5 39. Rd8+ Kf7 40. Rc8 g6 41. Nd4 Rd5 42. e3 e5 43. Rc7+ Kf6 44. Rc6+ Ke7 45. Nb3 cxb3 46. Rxc1 b2 47. Rb1 Rd2 48. h5 gxh5 49. Kf3 e4+ 50. Kf4 Ke6 0-1

[Event "SVK-chT1E 0708"]
[Site "Slovakia"]
[Date "2008.01.13"]
[Round "7.4"]
[White "Turna, Stefan"]
[Black "Vlcek, Stanislav"]
[Result "1/2-1/2"]
[WhiteElo "2238"]
[BlackElo "2322"]
[PlyCount "27"]
[EventDate "2007.10.13"]
[EventType "team-swiss"]
[EventRounds "11"]
[EventCountry "SVK"]
[SourceTitle "EXT 2019"]
[Source "ChessBase"]
[SourceDate "2018.10.10"]
[SourceVersion "1"]
[SourceVersionDate "2018.10.10"]
[SourceQuality "1"]
[WhiteTeam "Bratislava Slovan III"]
[BlackTeam "Bratislava Doprastav"]
[WhiteTeamCountry "SVK"]
[BlackTeamCountry "SVK"]

1. d4 Nf6 2. c4 g6 3. Nc3 Bg7 4. e4 d6 5. Bg5 0-0 6. Be2 Na6 7. Nf3 Qe8 8. 0-0 e5 9. d5 h6 10. Bh4 Nh7 11. Ne1 h5 12. f3 Bh6 13. Bf2 Qe7 14. Nd3 1/2-1/2

[Event "SVK-chT1E 0708"]
[Site "Slovakia"]
[Date "2007.12.09"]
[Round "6.4"]
[White "Janko, Zoltan"]
[Black "Turna, Stefan"]
[Result "0-1"]
[WhiteElo "2241"]
[BlackElo "2238"]
[PlyCount "74"]
[EventDate "2007.10.13"]
[EventType "team-swiss"]
[EventRounds "11"]
[EventCountry "SVK"]
[SourceTitle "EXT 2019"]
[Source "ChessBase"]
[SourceDate "2018.10.10"]
[SourceVersion "1"]
[SourceVersionDate "2018.10.10"]
[SourceQuality "1"]
[WhiteTeam "Komarno KSC"]
[BlackTeam "Bratislava Slovan III"]
[WhiteTeamCountry "SVK"]
[BlackTeamCountry "SVK"]

1. e4 c5 2. Nf3 d6 3. d4 cxd4 4. Nxd4 Nf6 5. Nc3 a6 6. Be2 e6 7. Be3 b5 8. Bf3 e5 9. Nb3 Be6 10. a3 b4 11. Nd5 Bxd5 12. exd5 Nbd7 13. Bg5 Be7 14. Bxf6 Bxf6 15. Be4 Bg5 16. g3 0-0 17. h4 Bh6 18. Qd3 g6 19. g4 Nf6 20. g5 Nxe4 21. Qxe4 f5 22. Qxb4 Bg7 23. Qd2 Rb8 24. h5 f4 25. hxg6 hxg6 26. 0-0-0 Qxg5 27. Rdg1 Qf5 28. Na5 e4 29. c3 e3 30. fxe3 fxe3 31. Qh2 Rf6 32. Nc6 Re8 33. c4 e2 34. Re1 Qd3 35. Qh7+ Kf7 36. Qh4 Re4 37. Rh3 Rxc4+ 0-1

[Event "SVK-chT1E 0708"]
[Site "Slovakia"]
[Date "2007.11.10"]
[Round "3.6"]
[White "Turna, Stefan"]
[Black "Kovacik, Emil"]
[Result "1-0"]
[WhiteElo "2238"]
[BlackElo "2167"]
[PlyCount "115"]
[EventDate "2007.10.13"]
[EventType "team-swiss"]
[EventRounds "11"]
[EventCountry "SVK"]
[SourceTitle "EXT 2019"]
[Source "ChessBase"]
[SourceDate "2018.10.10"]
[SourceVersion "1"]
[SourceVersionDate "2018.10.10"]
[SourceQuality "1"]
[WhiteTeam "Bratislava Slovan III"]
[BlackTeam "Dubnica nad Vahom"]
[WhiteTeamCountry "SVK"]
[BlackTeamCountry "SVK"]

1. d4 d5 2. c4 dxc4 3. Nc3 a6 4. Nf3 Nf6 5. e4 b5 6. e5 Nd5 7. Be2 Bb7 8. e6 f6 9. 0-0 g6 10. Ne4 Nb6 11. Nc5 Bd5 12. Nh4 Bg7 13. Qc2 Nc6 14. Rd1 Qd6 15. g3 Nxd4 16. Rxd4 Qxc5 17. Be3 Qc6 18. Nxg6 Qxe6 19. Nf4 Qc6 20. Nxd5 Nxd5 21. Bh5+ Kf8 22. Rad1 e6 23. Qd2 Qd7 24. Rg4 h6 25. Bc5+ Kg8 26. Qc2 f5 27. Rg6 Rh7 28. Qe2 Re8 29. Qe5 Qf7 30. Rxg7+ Qxg7 31. Qxg7+ Rxg7 32. Bxe8 Nf6 33. Bc6 Kh7 34. Rd8 Kg6 35. f3 e5 36. Kf2 e4 37. Bd4 Rf7 38. h3 h5 39. Be5 exf3 40. Kxf3 Re7 41. Kf4 h4 42. g4 fxg4 43. hxg4 Rf7 44. Be4+ Nxe4+ 45. Kxe4 Rh7 46. Rg8+ Kf7 47. Rh8 Rxh8 48. Bxh8 b4 49. Be5 c6 50. Bd6 a5 51. Kd4 c3 52. bxc3 bxc3 53. Kxc3 Kf6 54. Bf4 h3 55. Kb3 h2 56. Bxh2 Kg5 57. Ka4 Kxg4 58. Kxa5 1-0

[Event "SVK-chT2C 0708"]
[Site "Slovakia"]
[Date "2007.11.03"]
[Round "3.6"]
[White "Zvarik, Martin"]
[Black "Turna, Stefan"]
[Result "1-0"]
[WhiteElo "2295"]
[BlackElo "2276"]
[PlyCount "57"]
[EventDate "2007.10.06"]
[EventType "team-tourn"]
[EventRounds "11"]
[EventCountry "SVK"]
[SourceTitle "EXT 2010"]
[Source "ChessBase"]
[SourceDate "2010.11.25"]
[SourceVersion "1"]
[SourceVersionDate "2010.11.25"]
[SourceQuality "1"]
[WhiteTeam "Zilina Mladost juniors"]
[BlackTeam "Podbrezova ZP Sport"]
[WhiteTeamCountry "SVK"]
[BlackTeamCountry "SVK"]

1. e4 c5 2. b3 Nc6 3. Nf3 d6 4. Bb2 Nf6 5. Nc3 Nd4 6. h3 e5 7. Bd3 Be7 8. 0-0 0-0 9. Nxd4 cxd4 10. Ne2 Bd7 11. Ng3 Bc6 12. Re1 Re8 13. c3 dxc3 14. dxc3 d5 15. Qc2 Bf8 16. Rad1 Qa5 17. exd5 Bxd5 18. b4 Qc7 19. Bxh7+ Kh8 20. Bf5 Bxa2 21. Ne4 Rad8 22. Nxf6 gxf6 23. Re4 Bg7 24. Rxd8 Rxd8 25. Ba3 Bd5 26. Rh4+ Kg8 27. b5 Be6 28. Bh7+ Kh8 29. Bg8+ 1-0

[Event "SVK-chT1E 0708"]
[Site "Slovakia"]
[Date "2007.10.14"]
[Round "2.1"]
[White "Skreno, Vladimir"]
[Black "Turna, Stefan"]
[Result "1-0"]
[WhiteElo "2062"]
[BlackElo "2238"]
[PlyCount "77"]
[EventDate "2007.10.13"]
[EventType "team-swiss"]
[EventRounds "11"]
[EventCountry "SVK"]
[SourceTitle "EXT 2019"]
[Source "ChessBase"]
[SourceDate "2018.10.10"]
[SourceVersion "1"]
[SourceVersionDate "2018.10.10"]
[SourceQuality "1"]
[WhiteTeam "Hlohovec SK Zentiva II"]
[BlackTeam "Bratislava Slovan III"]
[WhiteTeamCountry "SVK"]
[BlackTeamCountry "SVK"]

1. d4 Nf6 2. Nf3 e6 3. c4 b6 4. g3 Ba6 5. b3 Bb4+ 6. Bd2 Be7 7. Bg2 c6 8. 0-0 0-0 9. Bc3 d5 10. Ne5 Nfd7 11. Nxd7 Nxd7 12. Nd2 Rc8 13. Re1 b5 14. e4 bxc4 15. bxc4 dxc4 16. Rb1 Re8 17. Qa4 Bb5 18. Qc2 Nb6 19. Nf3 Na4 20. Ne5 Bf6 21. Nf3 Qd7 22. Red1 Qc7 23. e5 Be7 24. Nd2 Nb6 25. Rdc1 Nd5 26. Ne4 a5 27. a4 Nxc3 28. Qxc3 Bb4 29. Rxb4 axb4 30. Qxb4 Ba6 31. Nd6 Red8 32. Nxc8 Qxc8 33. Qc5 Qb7 34. Qxc6 Qb2 35. Rf1 c3 36. Qxa6 c2 37. Qc4 f5 38. exf6 gxf6 39. Qxe6+ 1-0

[Event "SVK-chT2C 0708"]
[Site "Slovakia"]
[Date "2007.10.06"]
[Round "1.2"]
[White "Vacek, Ondrej"]
[Black "Turna, Stefan"]
[Result "1-0"]
[WhiteElo "2184"]
[BlackElo "2276"]
[PlyCount "103"]
[EventDate "2007.10.06"]
[EventType "team-tourn"]
[EventRounds "11"]
[EventCountry "SVK"]
[SourceTitle "EXT 2010"]
[Source "ChessBase"]
[SourceDate "2010.11.25"]
[SourceVersion "1"]
[SourceVersionDate "2010.11.25"]
[SourceQuality "1"]
[WhiteTeam "Zvolen Slavia"]
[BlackTeam "Podbrezova ZP Sport"]
[WhiteTeamCountry "SVK"]
[BlackTeamCountry "SVK"]

1. Nf3 Nf6 2. c4 b6 3. g3 Bb7 4. Bg2 c5 5. 0-0 g6 6. Nc3 Bg7 7. d4 cxd4 8. Qxd4 d6 9. Be3 0-0 10. Qh4 Nbd7 11. Bh6 Rc8 12. b3 Rc5 13. Bxg7 Kxg7 14. Rac1 Qa8 15. Ne1 Bxg2 16. Nxg2 Rfc8 17. Ne3 e6 18. Qd4 Ne5 19. Rfd1 Rd8 20. Nb5 Nc6 21. Qb2 e5 22. b4 Rxb5 23. cxb5 Nd4 24. Rxd4 exd4 25. Qxd4 Qe4 26. Qxe4 Nxe4 27. Nd5 Nf6 28. Nxf6 Kxf6 29. f3 Rd7 30. Kf2 Ke5 31. Ke3 Kd5 32. Kd3 f5 33. Rc8 Re7 34. h3 Ke5 35. e3 Kd5 36. h4 Ke6 37. Kd4 Kd7 38. Rc3 Ke6 39. a4 Rb7 40. Rc6 Re7 41. a5 Rb7 42. a6 Re7 43. Rc8 h6 44. Rb8 Rc7 45. Rb7 Rc1 46. Rxa7 g5 47. hxg5 hxg5 48. Rb7 Rd1+ 49. Kc3 Re1 50. Kd2 Rb1 51. Rxb6 Rxb4 52. a7 1-0

[Event "SVK-ch op-A"]
[Site "Banska Stiavnica"]
[Date "2007.07.14"]
[Round "8.21"]
[White "Vacek, Ondrej"]
[Black "Turna, Stefan"]
[Result "1-0"]
[WhiteElo "2164"]
[BlackElo "2278"]
[PlyCount "73"]
[EventDate "2007.07.07"]
[EventType "swiss"]
[EventRounds "9"]
[EventCountry "SVK"]
[SourceTitle "EXT 2010"]
[Source "ChessBase"]
[SourceDate "2010.11.25"]
[SourceVersion "1"]
[SourceVersionDate "2010.11.25"]
[SourceQuality "1"]

1. Nf3 Nf6 2. c4 g6 3. Nc3 Bg7 4. e4 d6 5. d4 0-0 6. Be2 Nc6 7. 0-0 e5 8. d5 Ne7 9. b4 Nh5 10. Re1 f5 11. Ng5 Nf6 12. Bf3 c6 13. b5 Kh8 14. Bb2 Ne8 15. Qb3 Bf6 16. Ne6 Bxe6 17. dxe6 Ng7 18. c5 d5 19. exd5 e4 20. Bxe4 fxe4 21. d6 e3 22. Rxe3 Nef5 23. e7 Nxe7 24. dxe7 Bxe7 25. Ne4 Qd7 26. bxc6 bxc6 27. Rd1 Qf5 28. Qc3 Rf7 29. Rf3 Qe6 30. Nd6 Bxd6 31. Rxd6 Qxa2 32. Rxf7 Qxf7 33. Rxc6 a6 34. Rd6 h5 35. c6 Ra7 36. Qxg7+ Qxg7 37. Bxg7+ 1-0

[Event "SVK-ch op-A"]
[Site "Banska Stiavnica"]
[Date "2007.07.13"]
[Round "7.22"]
[White "Turna, Stefan"]
[Black "Djubek, Boris"]
[Result "1/2-1/2"]
[WhiteElo "2278"]
[BlackElo "2157"]
[PlyCount "33"]
[EventDate "2007.07.07"]
[EventType "swiss"]
[EventRounds "9"]
[EventCountry "SVK"]
[SourceTitle "EXT 2010"]
[Source "ChessBase"]
[SourceDate "2010.11.25"]
[SourceVersion "1"]
[SourceVersionDate "2010.11.25"]
[SourceQuality "1"]

1. d4 d5 2. c4 e6 3. Nc3 Nf6 4. Nf3 Be7 5. Bg5 0-0 6. e3 c6 7. Rc1 Nbd7 8. Qc2 b6 9. Bd3 h6 10. Bh4 Bb7 11. 0-0 c5 12. Qe2 Ne4 13. Bxe7 Qxe7 14. cxd5 exd5 15. Ba6 Ndf6 16. dxc5 bxc5 17. Nxe4 1/2-1/2